Prawne bariery rozwoju agroturystyki w Polsce - wybrane problemy

Saved in:
Bibliographic Details
Main Author: Rutkowska, Małgorzata
Other Authors: Kozyra, Przemysław
Format: Book Chapter
Language:Polish
Tags: Add Tag
No Tags, Be the first to tag this record!

MARC

LEADER 00000naa a2200000 4500
001 0151514
005 20220713103724.7
041 0 |a pol 
044 |a PL 
245 1 0 |a Prawne bariery rozwoju agroturystyki w Polsce - wybrane problemy  |c Małgorzata Rutkowska, Przemysław Kozyra 
100 1 |a Rutkowska, Małgorzata 
700 1 |a Kozyra, Przemysław